Britain as a market for developing countires (Record no. 497866)

000 -LEADER
fixed length control field 00391cam a22001097a 4500
008 - FIXED-LENGTH DATA ELEMENTS--GENERAL INFORMATION
fixed length control field 180718b1968 xxu||||| |||| 00| 0 eng d
082 ## - DEWEY DECIMAL CLASSIFICATION NUMBER
Classification number T39x42 Un3b
245 ## - TITLE STATEMENT
Title Britain as a market for developing countires
Statement of responsibility, etc. by Central Office of Information Reference, U.K.
260 ## - PUBLICATION, DISTRIBUTION, ETC.
Place of publication, distribution, etc. London
Name of publisher, distributor, etc. Her Majesty's Stationery Office
Date of publication, distribution, etc. 1968
300 ## - PHYSICAL DESCRIPTION
Extent 27p
700 ## - ADDED ENTRY--PERSONAL NAME
Personal name U.K. Central Office of Information Reference
Holdings
Withdrawn status Lost status Damaged status Not for loan Permanent Location Current Location Date acquired Full call number Barcode Date last seen Price effective from Koha item type
        Indian Institute of Public Administration Indian Institute of Public Administration 2018-08-04 T39x42 Un3b G9550 2018-08-04 2018-08-04 G

Powered by Koha